Statistics for The World's 50 Largest Cities by Letter - I

Click here to take the quiz!

General Stats

  • This quiz has been taken 653 times
  • The average score is 11 of 50

Answers on the Map

Answers color-coded by a green-red scale on the quiz's map according to % correct below.
 

Answer Stats

RankPopulationCountryCity% Correct
114,792,000TurkeyIstanbul
98%
71,897,000United StatesIndianapolis
93%
24,138,000PakistanIslamabad-
Rawalpindi
90%
43,094,000TurkeyIzmir
84%
49245,000AustriaInnsbruck
78%
33,327,000NigeriaIbadan
68%
52,515,000IranIsfahan
68%
14664,000RussiaIrkutsk
58%
31365,000United KingdomIpswich
56%
62,296,000IndiaIndore
50%
20501,000RomaniaIași
37%
23472,000PeruIquitos
24%
15653,000RussiaIzhevsk
23%
25454,000RussiaIvanovo
21%
81,182,000NigeriaIlorin
19%
32365,000UkraineIvano-Frankivsk
16%
10819,000MalaysiaIpoh
15%
21500,000United StatesIndio-Palm Springs
14%
9937,000Turkeyİzmit
14%
45279,000ChileIquique
13%
11768,000JordanIrbid
13%
44282,000PeruIca
11%
19556,000ColombiaIbagué
10%
28401,000NigeriaIfe
9%
13746,000PhilippinesIlo-Ilo
9%
12767,000EgyptIsmailia
9%
24464,000YemenIbb
8%
27419,000IndiaImphal
8%
17616,000MexicoIrapuato
6%
36336,000Turkeyİskenderun
6%
47270,000TurkeyIsparta
6%
26440,000NigeriaIlesha
5%
46278,000BrazilImperatriz
5%
34350,000JapanIwaki
5%
30381,000NigeriaIjebu-Ode
4%
18559,000NigeriaIkare
3%
35347,000PhilippinesIligan
3%
42306,000Congo (Rep.)Impfondo
3%
22484,000BrazilIpatinga
3%
43289,000NigeriaIseyin
3%
16643,000BrazilItajaí
3%
37325,000IndiaIchalkaranji
2%
33357,000NigeriaIjebu-Igbo
2%
50239,000NigeriaIkire
2%
41308,000NigeriaIkirun
2%
48265,000TajikistanIsfara
2%
38314,000BangladeshIshwardi
2%
40310,000TajikistanIstaravshan
2%
29400,000NigeriaIhiala
1%
39310,000EthiopiaIrgalem
1%

Score Distribution

Percentile by Number Answered

Percent of People with Each Score

Your Score History

You have not taken this quiz